000 00803nam a2200241Ia 4500
003 OSt
005 20220925204814.0
006 a|||||r|||| 00| 0
007 ta
008 220923b |||||||| |||| 00| 0 eng d
020 _c102
037 _bG-3435/11-12, 10/01/2012, Manohar Publishers & Distributors
_cGeneral Book
040 _aRTL
_cRTL
_beng
041 _2eng
_aeng
082 _aY9(W6).29W, P8
100 _aFernandes Walter
_9268982
245 0 _aSearch for peace with justice
_b Issues around conflicts in north east India
260 _aGuwahati
_bNESRC
_c2008
300 _a175p.
_ccm.
650 _aSociology
942 _hY9(W6).29W, P8
_cGB
_2CC
999 _c550466
_d550466